[Event "DEN-ch KK 2020"]
[Site "Svendborg"]
[Date "2020.10.16"]
[Round "5.7"]
[White "Kakulidis, Ellen"]
[Black "Hansen, Lars Bo"]
[Result "1-0"]
[WhiteElo "2073"]
[BlackElo "2560"]
[Annotator "TA"]
[PlyCount "121"]
[EventDate "2020.10.09"]
[EventType "tourn"]
[EventCountry "DEN"]
[SourceTitle "playchess.com"]
[Source "ChessBase"]
[SourceQuality "1"]

{[%evp 25,121,19,21,17,53,53,52,52,52,31,30,1,56,54,67,55,64,50,70,56,47,20,56,18,42,22,44,33,25,2,12,0,34,0,0,0,15,0,14,8,0,0,0,0,131,0,0,0,0,-1,0,0,0,0,0,0,126,110,117,128,120,93,91,90,148,145,151,135,520,144,133,130,113,0,11,0,263,270,249,248,455,250,202,200,192,214,257,66,246,87,643,638,1239,608,29992,29993,29993,29994]} 1. d4 e6 2. g3 c5 3. Nf3 cxd4 4. Nxd4 Nf6 5. Bg2 d5 6. c4 e5 7. Nf3 d4 8. O-O Nc6 9. e3 Be7 10. exd4 exd4 11. Bf4 O-O 12. Ne5 Nxe5 13. Bxe5 Bc5 14. Nd2 {E01: Catalan: Early deviations.} Re8 15. Bxf6 $1 Qxf6 16. Nb3 {White is slightly better.} Qb6 17. Nxc5 Qxc5 18. Rc1 Be6 (18... Bf5 $11) 19. Qd2 $14 Rab8 20. b4 Qe7 {[#]} 21. c5 $146 ({Predecessor:} 21. Rfe1 h6 22. c5 Red8 23. Bh3 Qf6 24. Bxe6 fxe6 25. f4 Rd5 26. Qd3 Qf5 27. Red1 {½-½ (43) Contreras Poblete,J (2313)-Bendig,F (2209) LSS email 2009}) 21... Red8 22. Rfe1 Qf6 23. a3 Bd7 24. Qd3 a6 25. Qb3 Bc6 26. Bxc6 Qxc6 27. Rcd1 (27. Re7 {keeps more tension.} Qf6 28. Re4 Rd7 29. Rd1 Rbd8 30. Qc4) 27... Rd7 28. Rd3 g6 29. Qd1 Rbd8 30. Qg4 h5 31. Qf4 Qb5 32. Red1 {[%cal Rd3d4]} Qc4 33. h3 a5 $1 34. Qd2 Re8 (34... Qe6 $11 {remains equal.}) 35. Rc1 ({Much worse is} 35. bxa5 $6 Qxc5 36. Rxd4 Rxd4 $11) (35. Rxd4 $16 Rxd4 36. Qxd4 Re1+ 37. Kh2 Qxd4 38. Rxd4) 35... Qd5 $11 36. b5 Rc8 37. Qe1 Kf8 38. Qxa5 Rxc5 39. Qb4 $36 {[%mdl 2048] White is more active.} b6 40. Rcd1 {[%cal Rd3d4]} Qe5 (40... Qc4 $11) 41. Rxd4 $16 Rxd4 42. Rxd4 {[%mdl 4096] Endgame KQR-KQR} ({Much weaker is} 42. Qxd4 $6 Qxd4 43. Rxd4 Rxb5 $11) 42... Kg7 43. Re4 Qa1+ 44. Kg2 Rd5 (44... Rc1 $142) 45. Re8 Rc5 46. a4 {Strongly threatening a5!} Kh7 $2 {[%mdl 8192] [#]} (46... Qc3 $16 47. Qxc3+ Rxc3) 47. Re1 $2 (47. a5 $1 $18 {[%mdl 512] and the rest is easy.}) 47... Qa2 48. Qd4 {aiming for Re7.} Rd5 49. Qxb6 (49. Qe4 $16) 49... Qxa4 $11 50. Qc7 Kg7 $2 {[%mdl 8192]} (50... Rf5 $11 {and Black is okay.}) 51. Re7 $18 Rf5 52. Qc3+ Kf8 $2 (52... Rf6 {is a better defense.} 53. b6 Qc6+ 54. Qxc6 Rxc6) 53. Re3 (53. Re2 $142 {[%cal Rc3h8]} Qa8+ 54. Kh2) 53... Qa8+ 54. Kg1 {[%cal Rc3h8]} Kg8 55. Qb2 {And now b6 would win.} Rd5 {( -> ...Rd1+)} 56. Qe2 $2 (56. Re1 $18) 56... Kh7 $2 (56... Qa1+ $1 $14 57. Kh2 Rd6) 57. b6 $2 (57. Re7 $18 {is the precise move to win.} Kg7 58. Qb2+ Kg8 59. Re1) 57... Qa1+ $2 {[%mdl 8192]} (57... Rd6 $16) 58. Kg2 Qb1 {[#]} 59. Re7 $1 Qxb6 60. Rxf7+ Kh6 61. Qe7 {Av CentiPawn Loss W=-44/B=-79. Weighted=-56/-97} 1-0

[Event "DEN-ch KK 2020"]
[Site "Svendborg"]
[Date "2020.10.16"]
[Round "5.8"]
[White "Rey Malde, Henrique"]
[Black "Liu, Casper"]
[Result "1-0"]
[WhiteElo "2201"]
[BlackElo "2155"]
[Annotator "ChessBase"]
[PlyCount "61"]
[EventDate "2020.10.09"]
[EventType "tourn"]
[EventCountry "DEN"]
[SourceTitle "playchess.com"]
[Source "ChessBase"]
[SourceQuality "1"]
[TimeControl "40/5400+30:1800+30"]

1. e4 {[%emt 0:00:00]} c5 {[%emt 0:00:00]} 2. Nf3 {[%emt 0:00:00]} d6 {[%emt 0:00:00]} 3. d4 {[%emt 0:00:01]} cxd4 {[%emt 0:00:00]} 4. Nxd4 {[%emt 0:00:08]} Nf6 {[%emt 0:00:00]} 5. Nc3 {[%emt 0:00:12]} Nc6 {[%emt 0:00:00]} 6. Bg5 {[%emt 0:01:54]} Bd7 {[%emt 0:00:14]} 7. Qd2 {[%emt 0:01:00]} Rc8 {[%emt 0:00:11]} 8. f4 {[%emt 0:00:06]} Nxd4 {[%emt 0:00:50]} 9. Qxd4 {[%emt 0:00:04]} Qa5 {[%emt 0:00:03]} 10. e5 {[%emt 0:01:40]} dxe5 {[%emt 0:00:06]} 11. fxe5 {[%emt 0:00:03]} e6 {[%emt 0:00:05]} 12. O-O-O {[%emt 0:00:14]} Bc5 {[%emt 0:03:06]} 13. Qd3 {[%emt 0:00:17]} Nd5 {[%emt 0:02:32]} 14. Nxd5 {[%emt 0:00:08]} exd5 {[%emt 0:00:04]} 15. Qxd5 {[%emt 0:00:06]} Bc6 {[%emt 0:02:52]} 16. Bd2 {[%emt 0:01:51]} Qb6 {[%emt 0:04:52]} 17. Qc4 {[%emt 0:00:16]} O-O {[%emt 0:01:09]} 18. e6 {[%emt 0:00:25]} fxe6 {[%emt 0:06:33]} 19. Qxe6+ {[%emt 0:00:10]} Kh8 {[%emt 0:00:09]} 20. Bc3 {[%emt 0:00:22]} Ba4 {[%emt 0:09:23]} 21. Bxg7+ {[%emt 0:16:43]} Kxg7 {[%emt 0:00:05]} 22. Qg4+ {[%emt 0:00:03]} Kh8 {[%emt 0:01:57]} 23. Qxa4 {[%emt 0:00:06]} Rf2 {[%emt 0:03:12]} 24. Kb1 {[%emt 0:17:45]} Ba3 {[%emt 0:08:48]} 25. Qxa3 {[%emt 0:16:57]} Rcxc2 {[%emt 0:00:18]} 26. Ka1 {[%emt 0:01:21]} Qd4 {[%emt 0:09:36]} 27. Bb5 {[%emt 0:08:54]} Qe5 {[%emt 0:02:08]} 28. Rd8+ {[%emt 0:03:30]} Kg7 {[%emt 0:00:06]} 29. Rd7+ {[%emt 0:03:47]} Kh8 {[%emt 0:00:42]} 30. Rd8+ {[%emt 0:05:50]} Kg7 {[%emt 0:00:04]} 31. Qg3+ {[%emt 0:00:05]} 1-0

[Event "DEN-ch KK 2020"]
[Site "Svendborg"]
[Date "2020.10.16"]
[Round "5.9"]
[White "Easwaralingam, Adesh"]
[Black "Matthiesen, Martin"]
[Result "1/2-1/2"]
[WhiteElo "2110"]
[BlackElo "2301"]
[Annotator "ChessBase"]
[PlyCount "81"]
[EventDate "2020.10.09"]
[EventType "tourn"]
[EventCountry "DEN"]
[SourceTitle "playchess.com"]
[Source "ChessBase"]
[SourceQuality "1"]
[TimeControl "40/5400+30:1800+30"]

1. e4 {[%emt 0:00:00]} c5 {[%emt 0:00:00]} 2. Nf3 {[%emt 0:00:00]} Nc6 {[%emt 0:00:00]} 3. Bb5 {[%emt 0:00:20]} g6 {[%emt 0:00:00]} 4. Bxc6 {[%emt 0:00:11]} dxc6 {[%emt 0:00:00]} 5. d3 {[%emt 0:00:06]} Bg7 {[%emt 0:00:00]} 6. h3 {[%emt 0:00:02]} Qc7 {[%emt 0:01:15]} 7. O-O {[%emt 0:02:32]} b6 {[%emt 0:01:09]} 8. a4 {[%emt 0:00:18]} a5 {[%emt 0:03:41]} 9. Na3 {[%emt 0:01:37]} Nf6 {[%emt 0:10:08]} 10. Be3 {[%emt 0:08:45]} Ba6 {[%emt 0:16:19]} 11. Qc1 {[%emt 0:06:38]} e5 {[%emt 0:08:56]} 12. Bh6 {[%emt 0:13:29]} O-O {[%emt 0:00:37]} 13. b3 {[%emt 0:05:58]} Nh5 {[%emt 0:02:01]} 14. Bxg7 {[%emt 0:08:10]} Nxg7 {[%emt 0:02:47]} 15. Qe3 {[%emt 0:05:25]} Rae8 {[%emt 0:03:26]} 16. Nc4 {[%emt 0:05:00]} f5 {[%emt 0:10:31]} 17. exf5 {[%emt 0:03:01]} Nxf5 {[%emt 0:07:53]} 18. Qd2 {[%emt 0:00:08]} e4 {[%emt 0:03:21]} 19. dxe4 {[%emt 0:12:14]} Bxc4 {[%emt 0:02:17]} 20. bxc4 {[%emt 0:00:06]} Nd6 {[%emt 0:05:11]} 21. Qd3 {[%emt 0:06:16]} Nxe4 {[%emt 0:02:23]} 22. Rfe1 {[%emt 0:00:33]} Nf6 {[%emt 0:05:30]} 23. Ng5 {[%emt 0:01:05]} Qd7 {[%emt 0:03:30]} 24. Rab1 {[%emt 0:06:57]} Rxe1+ {[%emt 0:05:00]} 25. Rxe1 {[%emt 0:00:08]} Re8 {[%emt 0:03:27]} 26. Rd1 {[%emt 0:06:13]} Qxd3 {[%emt 0:02:09]} 27. cxd3 {[%emt 0:02:22]} h6 {[%emt 0:00:32]} 28. Nf3 {[%emt 0:00:16]} Re2 {[%emt 0:00:13]} 29. Ra1 {[%emt 0:04:02]} Rb2 {[%emt 0:00:17]} 30. Ne5 {[%emt 0:00:18]} Nh5 {[%emt 0:01:25]} 31. g3 {[%emt 0:00:38]} g5 {[%emt 0:00:33]} 32. Nxc6 {[%emt 0:01:06]} Nf6 {[%emt 0:00:28]} 33. Ne5 {[%emt 0:00:22]} Rb4 {[%emt 0:00:50]} 34. Kg2 {[%emt 0:00:34]} Kg7 {[%emt 0:00:08]} 35. Kf3 {[%emt 0:00:31]} Rb3 {[%emt 0:00:33]} 36. Ke3 {[%emt 0:00:42]} Rb4 {[%emt 0:00:14]} 37. Nc6 {[%emt 0:01:00]} Rb3 {[%emt 0:00:12]} 38. Ne5 {[%emt 0:00:19]} Rb4 {[%emt 0:00:15]} 39. Kf3 {[%emt 0:00:37]} Rb3 {[%emt 0:00:16]} 40. Ke2 {[%emt 0:00:38]} Rb2+ {[%emt 0:00:13]} 41. Kf3 {[%emt 0:31:01]} 1/2-1/2

[Event "DEN-ch KK 2020"]
[Site "Svendborg"]
[Date "2020.10.16"]
[Round "5.10"]
[White "Meskenas, Paulius"]
[Black "Guindy, Esmat Susanne"]
[Result "1/2-1/2"]
[WhiteElo "2032"]
[BlackElo "2131"]
[Annotator "ChessBase"]
[PlyCount "123"]
[EventDate "2020.10.09"]
[EventType "tourn"]
[EventCountry "DEN"]
[SourceTitle "playchess.com"]
[Source "ChessBase"]
[SourceQuality "1"]
[TimeControl "40/5400+30:1800+30"]

1. e4 {[%emt 0:00:00]} e6 {[%emt 0:00:16]} 2. d4 {[%emt 0:00:00]} d5 {[%emt 0:00:07]} 3. e5 {[%emt 0:00:02]} c5 {[%emt 0:00:06]} 4. c3 {[%emt 0:00:05]} Nc6 {[%emt 0:00:06]} 5. Nf3 {[%emt 0:00:04]} Qb6 {[%emt 0:00:26]} 6. Bd3 {[%emt 0:00:14]} cxd4 {[%emt 0:00:12]} 7. cxd4 {[%emt 0:00:06]} Bd7 {[%emt 0:00:08]} 8. O-O {[%emt 0:00:07]} Nxd4 {[%emt 0:00:18]} 9. Nxd4 {[%emt 0:00:30]} Qxd4 {[%emt 0:00:20]} 10. Nc3 {[%emt 0:00:36]} a6 {[%emt 0:00:07]} 11. Re1 {[%emt 0:04:33]} Ne7 {[%emt 0:03:22]} 12. Be3 {[%emt 0:05:56]} Qxe5 {[%emt 0:04:20]} 13. Bc5 {[%emt 0:05:26]} Qc7 {[%emt 0:06:34]} 14. Bd4 {[%emt 0:06:06]} Bc6 {[%emt 0:10:57]} 15. Rc1 {[%emt 0:03:55]} Ng6 {[%emt 0:13:22]} 16. g3 {[%emt 0:06:37]} Rd8 {[%emt 0:10:05]} 17. Qh5 {[%emt 0:01:12]} Qd7 {[%emt 0:04:20]} 18. f4 {[%emt 0:04:19]} Ne7 {[%emt 0:01:54]} 19. Re2 {[%emt 0:02:55]} Qd6 {[%emt 0:05:32]} 20. a3 {[%emt 0:02:32]} Bd7 {[%emt 0:04:15]} 21. b4 {[%emt 0:07:09]} Rc8 {[%emt 0:04:59]} 22. Rce1 {[%emt 0:07:55]} Rxc3 {[%emt 0:03:53]} 23. Bxc3 {[%emt 0:00:28]} Qb6+ {[%emt 0:00:04]} 24. Kf1 {[%emt 0:07:38]} g6 {[%emt 0:10:38]} 25. Qe5 {[%emt 0:02:38]} Rg8 {[%emt 0:00:15]} 26. Bd4 {[%emt 0:00:12]} Qd8 {[%emt 0:00:25]} 27. Bc5 {[%emt 0:00:25]} Nc6 {[%emt 0:01:55]} 28. Qxd5 {[%emt 0:00:31]} Bxc5 {[%emt 0:02:10]} 29. Qxc5 {[%emt 0:01:46]} Qe7 {[%emt 0:00:29]} 30. Qb6 {[%emt 0:02:05]} Qd6 {[%emt 0:01:55]} 31. Be4 {[%emt 0:04:12]} Ke7 {[%emt 0:00:21]} 32. Qe3 {[%emt 0:05:54]} Rc8 {[%emt 0:02:10]} 33. Rd2 {[%emt 0:00:40]} Qc7 {[%emt 0:00:21]} 34. Qc5+ {[%emt 0:00:07]} Ke8 {[%emt 0:00:16]} 35. Red1 {[%emt 0:00:30]} Nb8 {[%emt 0:01:16]} 36. Qd4 {[%emt 0:02:53]} Bb5+ {[%emt 0:01:23]} 37. Kf2 {[%emt 0:01:05]} Nc6 {[%emt 0:01:06]} 38. Qc5 {[%emt 0:00:50]} Qe7 {[%emt 0:01:21]} 39. Rd6 {[%emt 0:00:34]} Qf6 {[%emt 0:00:33]} 40. Rd7 {[%emt 0:01:01]} Na7 {[%emt 0:01:46]} 41. Qd4 {[%emt 0:30:02]} Qxd4+ {[%emt 0:31:33]} 42. R7xd4 {[%emt 0:00:05]} Nc6 {[%emt 0:04:31]} 43. Rd6 {[%emt 0:01:23]} Ba4 {[%emt 0:00:00]} 44. R1d2 {[%emt 0:00:00]} h5 {[%emt 0:00:00]} 45. h3 {[%emt 0:00:00]} Nd8 {[%emt 0:00:00]} 46. g4 {[%emt 0:00:00]} hxg4 {[%emt 0:00:00]} 47. hxg4 {[%emt 0:00:00]} Ke7 {[%emt 0:00:00]} 48. g5 {[%emt 0:00:00]} Ke8 {[%emt 0:00:00]} 49. Bf3 {[%emt 0:00:00]} Ke7 {[%emt 0:00:00]} 50. Bd1 {[%emt 0:00:00]} Bc6 {[%emt 0:00:00]} 51. Bb3 {[%emt 0:00:00]} Rb8 {[%emt 0:00:00]} 52. R6d4 {[%emt 0:00:00]} Be8 {[%emt 0:00:00]} 53. Rc2 {[%emt 0:00:00]} Nc6 {[%emt 0:00:00]} 54. Rd3 {[%emt 0:00:00]} Bd7 {[%emt 0:00:00]} 55. Rcd2 {[%emt 0:00:00]} Be8 {[%emt 0:00:00]} 56. Rd6 {[%emt 0:01:57]} Rc8 {[%emt 0:00:00]} 57. Ba4 {[%emt 0:00:36]} Ra8 {[%emt 0:00:00]} 58. Ke3 {[%emt 0:03:07]} Ra7 {[%emt 0:00:00]} 59. Bd1 {[%emt 0:02:35]} Ra8 {[%emt 0:00:00]} 60. Bf3 {[%emt 0:00:40]} Rc8 {[%emt 0:00:00]} 61. Ke2 {[%emt 0:00:17]} Nd8 {[%emt 0:00:00]} 62. Kf2 {[%emt 0:01:51]} 1/2-1/2

[Event "DEN-ch KK 2020"]
[Site "Svendborg"]
[Date "2020.10.16"]
[Round "5.11"]
[White "Steffensen, Elena"]
[Black "Hald Falkesgaard, Jeppe"]
[Result "1-0"]
[WhiteElo "2081"]
[BlackElo "1984"]
[Annotator "NA"]
[PlyCount "87"]
[EventDate "2020.10.09"]
[EventType "tourn"]
[EventCountry "DEN"]
[SourceTitle "playchess.com"]
[Source "ChessBase"]
[SourceQuality "1"]
[TimeControl "40/5400+30:1800+30"]

1. e4 {[%emt 0:00:00]} c5 {[%emt 0:00:16]} 2. Nc3 {[%emt 0:00:00]} Nc6 {[%emt 0:00:07]} 3. f4 {[%emt 0:00:00]} g6 {[%emt 0:00:06]} 4. Nf3 {[%emt 0:00:00]} Bg7 {[%emt 0:00:06]} 5. g3 {[%emt 0:00:15]} e6 {[%emt 0:00:48]} 6. Bg2 {[%emt 0:01:46]} Nge7 {[%emt 0:00:13]} 7. O-O {[%emt 0:00:19]} O-O {[%emt 0:00:48]} 8. d3 {[%emt 0:00:21]} d5 {[%emt 0:02:36]} 9. e5 {[%emt 0:00:09]} a6 {[%emt 0:00:28]} 10. a3 {[%emt 0:03:02]} b5 {[%emt 0:01:34]} 11. Ne2 {[%emt 0:01:25]} f6 {[%emt 0:03:40]} 12. exf6 {[%emt 0:06:16]} Bxf6 {[%emt 0:00:09]} 13. c3 {[%emt 0:00:34]} Nf5 {[%emt 0:04:00]} 14. g4 {[%emt 0:07:29]} Nd6 {[%emt 0:04:09]} 15. Be3 $11 {[%emt 0:05:02]} Nb7 {[%emt 0:11:43]} 16. d4 {[%emt 0:02:30]} Be7 {[%emt 0:06:59]} 17. Ne5 {[%emt 0:02:29]} Nxe5 {[%emt 0:00:34]} 18. fxe5 {[%emt 0:00:09]} Na5 {[%emt 0:01:39]} 19. Nf4 {[%emt 0:05:47]} Nc4 {[%emt 0:05:26]} 20. Bc1 {[%emt 0:01:01]} b4 {[%emt 0:01:20]} 21. axb4 {[%emt 0:04:52]} cxb4 {[%emt 0:00:08]} 22. b3 {[%emt 0:00:32]} Na5 {[%emt 0:00:50]} 23. c4 {[%emt 0:01:06]} g5 {[%emt 0:04:38]} 24. Nxd5 {[%emt 0:00:24]} Rxf1+ {[%emt 0:00:13]} 25. Qxf1 {[%emt 0:00:28]} exd5 {[%emt 0:03:52]} 26. Bxd5+ {[%emt 0:00:10]} Kh8 {[%emt 0:00:41]} 27. Rxa5 {[%emt 0:00:48]} Rb8 {[%emt 0:05:20]} 28. Ra2 {[%emt 0:03:34]} Bxg4 {[%emt 0:01:06]} 29. Be3 {[%emt 0:02:20]} Qd7 {[%emt 0:01:01]} 30. Rxa6 {[%emt 0:01:33]} Bh3 {[%emt 0:01:35]} 31. Qf3 {[%emt 0:02:40]} g4 {[%emt 0:06:26]} 32. Qf7 {[%emt 0:05:08]} Rf8 {[%emt 0:01:22]} 33. Ra8 {[%emt 0:01:50]} Rxa8 {[%emt 0:00:32]} 34. Bxa8 {[%emt 0:00:32]} Qa7 {[%emt 0:00:45]} 35. Qe8+ {[%emt 0:01:23]} Kg7 {[%emt 0:00:08]} 36. Qa4 {[%emt 0:00:42]} Qb8 {[%emt 0:02:09]} 37. Qa6 {[%emt 0:02:40]} Kh8 {[%emt 0:01:29]} 38. Bg2 {[%emt 0:03:12]} Qf8 {[%emt 0:01:59]} 39. Qa8 {[%emt 0:01:41]} Bd8 {[%emt 0:00:20]} 40. Bxh3 {[%emt 0:01:20]} gxh3 {[%emt 0:00:13]} 41. Bg5 {[%emt 0:30:14]} Be7 {[%emt 0:31:14]} 42. Qxf8+ {[%emt 0:00:13]} Bxf8 {[%emt 0:00:08]} 43. d5 {[%emt 0:00:34]} Kg7 {[%emt 0:00:14]} 44. d6 {[%emt 0:00:56]} 1-0

[Event "DEN-ch KK 2020"]
[Site "Svendborg"]
[Date "2020.10.16"]
[Round "5.12"]
[White "Rossen, Claus"]
[Black "Holm, Filip"]
[Result "1-0"]
[WhiteElo "2099"]
[BlackElo "2210"]
[Annotator "ChessBase"]
[PlyCount "61"]
[EventDate "2020.10.09"]
[EventType "tourn"]
[EventCountry "DEN"]
[SourceTitle "playchess.com"]
[Source "ChessBase"]
[SourceQuality "1"]
[TimeControl "40/5400+30:1800+30"]

1. e4 {[%emt 0:00:00]} g6 {[%emt 0:00:00]} 2. d4 {[%emt 0:00:00]} Bg7 {[%emt 0:00:00]} 3. Nc3 {[%emt 0:00:00]} d6 {[%emt 0:00:00]} 4. Bg5 {[%emt 0:02:41]} Nd7 {[%emt 0:05:18]} 5. Nf3 {[%emt 0:05:06]} Ngf6 {[%emt 0:03:13]} 6. e5 {[%emt 0:10:53]} dxe5 {[%emt 0:07:18]} 7. dxe5 {[%emt 0:00:38]} Ng4 {[%emt 0:01:08]} 8. e6 {[%emt 0:01:22]} fxe6 {[%emt 0:00:20]} 9. Bc4 {[%emt 0:00:04]} Bxc3+ {[%emt 0:12:18]} 10. bxc3 {[%emt 0:00:07]} Kf7 {[%emt 0:03:06]} 11. Bxe6+ {[%emt 0:12:20]} Kxe6 {[%emt 0:00:24]} 12. Nd4+ {[%emt 0:00:04]} Kf7 {[%emt 0:00:08]} 13. Qxg4 {[%emt 0:00:09]} Nf6 {[%emt 0:00:35]} 14. Qh4 {[%emt 0:01:27]} Qd5 {[%emt 0:07:00]} 15. O-O {[%emt 0:01:40]} c5 {[%emt 0:01:26]} 16. Nf3 {[%emt 0:06:27]} h6 {[%emt 0:07:50]} 17. Rfe1 {[%emt 0:05:44]} Bf5 {[%emt 0:20:03]} 18. Rxe7+ {[%emt 0:06:19]} Kxe7 {[%emt 0:00:12]} 19. Bxf6+ {[%emt 0:00:05]} Kf7 {[%emt 0:04:50]} 20. Ne5+ {[%emt 0:08:32]} Ke6 {[%emt 0:00:23]} 21. Bxh8 {[%emt 0:00:13]} Rxh8 {[%emt 0:00:08]} 22. Re1 {[%emt 0:00:51]} g5 {[%emt 0:01:21]} 23. Qh5 {[%emt 0:03:00]} Kf6 {[%emt 0:02:44]} 24. c4 {[%emt 0:02:15]} Qg8 {[%emt 0:06:01]} 25. Qf3 {[%emt 0:01:07]} Qc8 {[%emt 0:00:46]} 26. g4 {[%emt 0:00:59]} Re8 {[%emt 0:00:25]} 27. Nd3 {[%emt 0:02:08]} Rxe1+ {[%emt 0:00:58]} 28. Nxe1 {[%emt 0:00:06]} Kg7 {[%emt 0:00:36]} 29. Qxf5 {[%emt 0:00:40]} Qe8 {[%emt 0:00:12]} 30. Nd3 {[%emt 0:00:16]} Qe2 {[%emt 0:00:40]} 31. Qe5+ {[%emt 0:00:11]} 1-0

[Event "DEN-ch KK 2020"]
[Site "Svendborg"]
[Date "2020.10.17"]
[Round "6.1"]
[White "Haubro, Sigfred"]
[Black "Rewitz, Poul"]
[Result "0-1"]
[WhiteElo "2163"]
[BlackElo "2222"]
[Annotator "ChessBase"]
[PlyCount "84"]
[EventDate "2020.10.09"]
[EventType "tourn"]
[EventCountry "DEN"]
[SourceTitle "playchess.com"]
[Source "ChessBase"]
[SourceQuality "1"]
[TimeControl "40/5400+30:1800+30"]

1. Nf3 {[%emt 0:04:36]} c6 {[%emt 0:00:00]} 2. b3 {[%emt 0:00:36]} f5 {[%emt 0:03:56]} 3. Bb2 {[%emt 0:01:53]} e6 {[%emt 0:01:26]} 4. e3 {[%emt 0:00:51]} Nf6 {[%emt 0:00:16]} 5. d4 {[%emt 0:00:21]} Be7 {[%emt 0:02:25]} 6. Bd3 {[%emt 0:00:18]} O-O {[%emt 0:00:48]} 7. Nbd2 {[%emt 0:00:16]} d5 {[%emt 0:01:47]} 8. O-O {[%emt 0:01:42]} a5 {[%emt 0:01:13]} 9. a4 {[%emt 0:01:16]} Na6 {[%emt 0:03:01]} 10. c3 {[%emt 0:04:53]} Bd7 {[%emt 0:01:05]} 11. Qe2 {[%emt 0:00:26]} Be8 {[%emt 0:01:04]} 12. Ne5 {[%emt 0:04:38]} Bh5 {[%emt 0:00:53]} 13. f3 {[%emt 0:04:11]} Nd7 {[%emt 0:05:07]} 14. Nxc6 {[%emt 0:06:19]} bxc6 {[%emt 0:01:01]} 15. Bxa6 {[%emt 0:00:08]} Qb6 {[%emt 0:05:51]} 16. Bd3 {[%emt 0:00:44]} e5 {[%emt 0:02:51]} 17. Qf2 {[%emt 0:06:15]} c5 {[%emt 0:10:01]} 18. Bb5 {[%emt 0:06:35]} Rad8 {[%emt 0:02:01]} 19. Rae1 {[%emt 0:16:16]} cxd4 {[%emt 0:10:38]} 20. exd4 {[%emt 0:00:32]} e4 {[%emt 0:06:33]} 21. f4 {[%emt 0:02:29]} Nf6 {[%emt 0:02:36]} 22. h3 {[%emt 0:04:41]} Bf7 {[%emt 0:02:20]} 23. Rc1 {[%emt 0:01:08]} Nh5 {[%emt 0:07:01]} 24. Qe3 {[%emt 0:04:52]} Qh6 {[%emt 0:04:50]} 25. Rcd1 {[%emt 0:15:42]} g5 {[%emt 0:02:26]} 26. fxg5 {[%emt 0:00:45]} Bxg5 {[%emt 0:00:25]} 27. Qe1 {[%emt 0:00:59]} Be3+ {[%emt 0:01:00]} 28. Kh1 {[%emt 0:03:01]} f4 {[%emt 0:00:41]} 29. Ba3 {[%emt 0:00:57]} Ng3+ {[%emt 0:02:55]} 30. Kh2 {[%emt 0:00:08]} Rfe8 {[%emt 0:01:25]} 31. Rg1 {[%emt 0:03:41]} Re6 {[%emt 0:00:49]} 32. Nf1 {[%emt 0:00:23]} Bxg1+ {[%emt 0:01:08]} 33. Kxg1 {[%emt 0:00:06]} Rg6 {[%emt 0:00:50]} 34. Kh2 {[%emt 0:01:20]} Nf5 {[%emt 0:02:32]} 35. Bc1 {[%emt 0:00:56]} Kh8 {[%emt 0:01:20]} 36. Qf2 {[%emt 0:00:34]} Rdg8 {[%emt 0:00:58]} 37. Bd7 {[%emt 0:00:31]} Rxg2+ {[%emt 0:01:16]} 38. Qxg2 {[%emt 0:00:15]} Rxg2+ {[%emt 0:00:08]} 39. Kxg2 {[%emt 0:00:03]} f3+ {[%emt 0:02:21]} 40. Kg1 {[%emt 0:01:03]} Qg7+ {[%emt 0:01:56]} 41. Kf2 {[%emt 0:30:33]} Qg2+ {[%emt 0:30:28]} 42. Ke1 {[%emt 0:00:05]} Qe2# {[%emt 0:00:13]} 0-1

[Event "DEN-ch KK 2020"]
[Site "Svendborg"]
[Date "2020.10.17"]
[Round "6.2"]
[White "Carstensen, Jacob"]
[Black "Laursen, Niels Norskov"]
[Result "1-0"]
[WhiteElo "2350"]
[BlackElo "2247"]
[Annotator "TA"]
[PlyCount "115"]
[EventDate "2020.10.09"]
[EventType "tourn"]
[EventCountry "DEN"]
[SourceTitle "playchess.com"]
[Source "ChessBase"]
[SourceQuality "1"]

{[%evp 21,115,21,21,21,27,16,17,10,31,35,26,-2,-2,-43,0,-10,0,0,8,-17,27,30,53,58,50,35,65,52,80,87,85,70,79,79,79,66,71,77,81,88,145,145,138,93,115,83,83,83,83,83,323,323,300,281,211,83,83,83,445,83,83,83,83,83,83,83,83,0,83,0,83,83,83,83,83,66,66,66,436,66,880,852,779,779,558,547,539,360,29956,6444,1124,1521,1418,1372,1166,1077]} 1. d4 Nf6 2. c4 g6 3. Nc3 d5 4. cxd5 Nxd5 5. e4 Nxc3 6. bxc3 Bg7 7. Nf3 c5 8. Be3 Qa5 9. Qd2 O-O 10. Rc1 Rd8 11. d5 e6 12. Bg5 {D85: Exchange Grünfeld: Unusual White 7th moves and lines with 7 Nf3.} f6 13. Be3 Nc6 14. Bd3 {The position is equal.} Ne7 {is currently scoring better than 14...exd5.} 15. c4 Qxd2+ {[#]} 16. Kxd2 $146 (16. Nxd2 {looks sharper.} b6 17. O-O Nc6 18. Rfe1 Ne5 19. Be2) ({Predecessor:} 16. Bxd2 b6 17. O-O Ba6 18. Rfe1 Rac8 19. Bf1 exd5 20. exd5 Nf5 21. g4 Nd6 22. Re7 {1-0 (46) Yu,Y (2759)-Svidler,P (2753) Shenzhen 2018}) 16... b6 17. Kc2 Bd7 18. Rhe1 Ba4+ 19. Kd2 Re8 20. Bc2 ({Of course not} 20. dxe6 Nc6 $17) 20... Bxc2 21. Kxc2 exd5 22. exd5 Nf5 23. g4 Nd6 24. Nd2 Kf7 25. Bf4 $36 {[%mdl 2048] White is really pushing.} Bf8 26. h3 Rxe1 27. Rxe1 Re8 28. Rxe8 Kxe8 $16 {[%mdl 4096] Endgame KBN-KBN} 29. Kd3 Kd7 30. Ne4 Nxe4 (30... Ne8 $142) 31. Kxe4 {KB-KB} Bd6 32. Be3 Bh2 33. f4 Bg3 34. Bd2 a6 35. a4 a5 $2 (35... Bf2 $16 {was called for.}) 36. Bc3 Bh4 37. f5 Ke7 38. fxg6 (38. Bd2 $18) 38... hxg6 39. Bd2 Bg3 $2 {[%mdl 8192]} (39... Kd6 $16 {is a better chance.}) 40. Kf3 $2 (40. Bf4 $1 $18 {[%cal Rf4g3] and the rest is easy.} Be1 41. Bc7) 40... Bh4 41. Bf4 {Hoping for Bc7.} Kd7 42. Ke4 Be1 43. Bb8 Kc8 44. Bf4 Kd7 45. Bb8 Kc8 $1 {[%cal Rc8b8]} 46. Bh2 Kd7 47. Bf4 Bh4 48. g5 fxg5 49. Bc1 Kd6 $2 {[%mdl 8192] [#]} (49... g4 $1 $14 50. hxg4 Bf6) 50. Bd2 $2 ({Only move:} 50. Kf3 $1 $18 {[%cal Rf3g4] Black must now prevent Kg4.} g4+ 51. Kxg4 (51. hxg4 Bf6 $14)) 50... Ke7 $2 {[%mdl 8192] [#]} (50... g4 $14 51. Bf4+ (51. hxg4 Bf6 $14) 51... Kd7 52. hxg4 Bf6) 51. Kf3 $1 $18 {[%cal Rf3g4]} Kf6 52. Kg4 Ke5 53. Bc3+ Kd6 54. Bg7 b5 $2 (54... Bf2 $18 55. Kxg5 b5) 55. axb5 Bf2 {White is clearly winning.} 56. Kf3 Bg1 57. Ke4 Bh2 58. Bf8+ {Av CentiPawn Loss W=-44/B=60. Weighted=-54/7} 1-0